Skład GKS Bełchatów 2022/23 - Statystyki

Ogólne statystyki
  • Ten quiz został rozwiązany 20 razy
  • Średni wynik to 13 z 22
Statystyki odpowiedzi
Pozycja Numer Imię Zawodnik % Poprawnych
Napastnik 7 Bartłomiej Bartosiak
93%
Obrońca 2 Mateusz Szymorek
93%
Napastnik 17 Serhij Napolov
87%
Napastnik 30 Łukasz Wroński
87%
Pomocnik 8 Artur Golański
80%
Pomocnik 16 Mikołaj Grzelak
67%
Bramkarz 1 Leonid Otczenaszenko
67%
Pomocnik 3 Miłosz Nowak
60%
Obrońca 18 Szymon Sarnik
60%
Obrońca 5 Jarosław Trzeboński
60%
Napastnik 22 Bartłomiej Trzeboński
60%
Napastnik 21 Damian Warnecki
60%
Obrońca 27 Mariusz Holik
53%
Pomocnik 6 Damian Michalak
53%
Pomocnik 11 Mikołaj Bociek
47%
Obrońca 15 Sebastian Ochocki
47%
Bramkarz 99 Kacper Foltyn
40%
Obrońca 20 Kamil Mizera
40%
Pomocnik 23 Kacper Czapla
33%
Obrońca 35 Jakub Szczepaniak
33%
Bramkarz 12 Bartosz Szelong
33%
Pomocnik 19 Dawid Woźniakowski
33%
Nie znaleziono quizów pasujących do podanych kryteriów
Rozkład punktacji
Procent ludzi z każdym wynikiem
Percentyl według liczby udzielonych odpowiedzi
Twoja historia wyników
Nie rozwiązałeś tego quizu